| 000 | 00786nas a2200241 4500 | ||
|---|---|---|---|
| 001 | BR0810589 | ||
| 003 | BR-BrBNA | ||
| 005 | 20231205112947.0 | ||
| 007 | ta | ||
| 008 | 230509b bl.|||p| |||| 00| 00por d | ||
| 040 |
_aBR-BrBNA _bpor _cBiblioteca Nacional de Agricultura |
||
| 041 | _a(Pt) | ||
| 072 | _aJ11 | ||
| 100 | 1 | _aMartins, R.S. | |
| 245 | 1 | _aPrognósticos da demanda por transportes para grãos e possíveis estrangulamentos na infra-estrutura no Estado do Paraná | |
| 650 | _aTRANSPORTE | ||
| 650 | _aAGRIBUSINESS | ||
| 650 | _aGRÃO | ||
| 650 | _aECONOMIA AGRÍCOLA | ||
| 773 | 0 |
_tRevista de Economia e Sociologia Rural (Brazil) _xISSN 0103-2003 _g(Apr- Jun 2001), v. 39(2) p. 51-80 _wBR0810589 |
|
| 909 |
_a202311 _bLúcia _c55 _dLúcia Elande |
||
| 942 |
_2AGRIS _n0 _cANA |
||
| 999 |
_c201032 _d201032 |
||